000 00587nam a2200169 i 4500
001 65164
003 ES-MaACL
005 20230906165317.0
007 t|
008 040109s1973 sp ||||1| spa d
100 1 _aFraser, George MacDonald.
_952376
245 1 0 _aFlashman
_b: de los papeles Flashman 1839-1842 /
_ceditado y comentado por George MacDonald Fraser ; [versión de Mª Carmen de Azpiazu Cruz].
260 _aBarcelona :
_bLuis de Caralt,
_c[1973]
300 _a332 p. ;
_c20 cm.
700 1 _aAzpiazu Cruz, María Carmen de.
_924353
852 _aES-MaACL
_jC-49934
_bR.85121
999 _c65164
_d65164